NCAA Basketball Teams Starting with B - Statistics

General Stats
  • This quiz has been taken 55 times
  • The average score is 11 of 17
Answer Stats
Conference Team % Correct
ACC Boston College
95%
Big 12 Baylor
84%
Patriot League Boston University
82%
Ivy League Brown
82%
Mountain West Boise State
79%
Big 12 BYU
74%
Mid-American Buffalo
68%
Mid-American Ball State
63%
Big East Butler
63%
Mid-American Bowling Green
58%
Missouri Valley Bradley
55%
Patriot League Bucknell
55%
Missouri Valley Belmont
47%
American East Binghamton
45%
Atlantic Sun Bellarmine
42%
American East Bryant
37%
Southwestern Bethune-Cookman
34%
No matching quizzes found
Score Distribution
Percent of People with Each Score
Percentile by Number Answered
Your Score History
You have not taken this quiz